000 00258nam a2200097Ia 4500
001 952755
005 20250826215713.0
008 250824s9999 xx 000 0 und d
245 0 _aFİL OZOFUN DOĞA GÜNLÜĞÜ
_cFATİH DİKMEN
260 _bTAZE KİTAP YAYINLARI
999 _c952755
_d952755